000 00218 a2200097 4500
001 28473
100 _aHussain, S M
245 _aStrategy of Agricultural Development
260 _a
_bP I D E
_c
090 _c19081
_d19081
942 _aNUST-CAE
_cM
_c10093
999 _c263546
_d263546